Manchester City Scorers in 2010s Champions League - Statistics

General Stats
  • This quiz has been taken 603 times
  • The average score is 20 of 27
Answer Stats
Player Nation Gls % Correct
Sergio Agüero Argentina 32
100%
Bernardo Silva Portugal 5
97%
David Silva Spain 8
97%
Kevin De Bruyne Belgium 5
97%
Yaya Touré Ivory Coast 7
96%
Raheem Sterling England 14
93%
Edin Džeko Bosnia 3
92%
Gabriel Jesus Brazil 8
92%
İlkay Gündoğan Germany 4
91%
Riyad Mahrez Algeria 1
89%
Leroy Sané Germany 6
84%
Mario Balotelli Italy 3
81%
Fernandinho Brazil 3
80%
Vincent Kompany Belgium 1
80%
Aleksandar Kolarov Serbia 3
74%
John Stones England 4
69%
Pablo Zabaleta Argentina 1
67%
Samir Nasri France 3
67%
Nicolás Otamendi Argentina 1
66%
Phil Foden England 1
64%
Aymeric Laporte France 2
60%
Martín Demichelis Argentina 1
54%
Álvaro Negredo Spain 5
51%
Kelechi Iheanacho Nigeria 2
49%
Wilfried Bony Ivory Coast 2
49%
James Milner England 2
48%
Nolito Spain 1
38%
No matching quizzes found
Score Distribution
Percent of People with Each Score
Percentile by Number Answered
Your Score History
You have not taken this quiz